书目信息 |
| 题名: |
社会心理学的邀请
|
|
| 作者: | 米勒 著 ;汪丽华 译 | |
| 分册: | ||
| 出版信息: | 北京 北京大学出版社 2008.12 |
|
| 页数: | 179页 | |
| 开本: | 23cm | |
| 丛书名: | 培文书系 | |
| 单 册: | ||
| 中图分类: | C912.6 | |
| 科图分类: | ||
| 主题词: | 社会心理学--she hui xin li xue--研究 | |
| 电子资源: | ||
| ISBN: | 978-7-301-14095-6 | |
| 000 | 01016nam0 2200277 450 | |
| 001 | 01CN04307385@CSLN | |
| 005 | 20100526115118.00 | |
| 010 | @a978-7-301-14095-6@dCNY20.00 | |
| 100 | @a20100515d2008 em y0chiy50 ea | |
| 101 | 1 | @achi@ceng |
| 102 | @aCN@b110000 | |
| 105 | @ay a 000yy | |
| 200 | 1 | @a社会心理学的邀请@Ashe hui xin li xue de yao qing@f(美) 戴尔·米勒著@F(mei)dai er·mi le zhu@g汪丽华译 |
| 210 | @a北京@c北京大学出版社@d2008.12 | |
| 215 | @a179页@d23cm | |
| 225 | 2 | @a培文书系@Apei wen shu xi@i大学之旅 |
| 320 | @a有书目 (第169-178页) | |
| 330 | @a本书以“自我审查”为中心,除了提供一个对社会心理学领域的介绍之外,还提供了对自我审查及其动机、形式、结果的分析,阐明了自我审查在日常生活中的普遍性和重要性。 | |
| 410 | 0 | @12001 @a大学之旅 |
| 410 | 0 | @12001 @a培文书系 |
| 606 | 0 | @a社会心理学@Ashe hui xin li xue@x研究 |
| 690 | @aC912.6@v4 | |
| 701 | 1 | @a米勒@Adai er mi le@g(Dale Miller)@4著 |
| 702 | 0 | @a汪丽华@Awang li hua@4译 |
| 801 | 0 | @aCN@c20100515 |
| 905 | @dC912.6@eM656@f3 | |
| 社会心理学的邀请/(美) 戴尔·米勒著/汪丽华译.-北京:北京大学出版社,2008.12 |
| 179页;23cm.-(培文书系.大学之旅) |
| ISBN 978-7-301-14095-6:CNY20.00 |
| 本书以“自我审查”为中心,除了提供一个对社会心理学领域的介绍之外,还提供了对自我审查及其动机、形式、结果的分析,阐明了自我审查在日常生活中的普遍性和重要性。 |
| ● |
| 相关链接 |
|
|
|
正题名:社会心理学的邀请
索取号:C912.6/M656
 
预约/预借
| 序号 | 登录号 | 条形码 | 馆藏地/架位号 | 状态 | 备注 |
| 1 | 983487 | 209834875 | 社科库509/509社科库 59排8列3层/ [索取号:C912.6/M656] | 在馆 | |
| 2 | 983488 | 209834884 | 社科库509/509社科库 59排8列3层/ [索取号:C912.6/M656] | 在馆 | |
| 3 | 983489 | 209834893 | 社科库509/509社科库 59排8列3层/ [索取号:C912.6/M656] | 在馆 |